Splendid : Les films avec M-A Chazel et Josiane Balasko - Statistiques

Statistiques générales
  • Ce quiz a été pris 22 fois
  • Le résultat moyen est 16 sur 30
Statistiques - réponses
Hint Extra Hint Réponse % Correct
Les hommes préfèrent les grosses 1981 Josiane Balasko
91%
Gazon maudit 1995 Josiane Balasko
91%
Les Bronzés font du ski 1979 Les deux
91%
Les Bronzés 1978 Les deux
91%
Les visiteurs 1993 Marie-Anne Chazel
86%
Le Père Noël est une ordure 1982 Les deux
82%
Neuilly sa mère ! 2009 Josiane Balasko
77%
Didier 1997 Josiane Balasko
73%
La fille du puisatier 2011 Marie-Anne Chazel
73%
30 jours max 2020 Marie-Anne Chazel
68%
La vengeance d'une blonde 1994 Marie-Anne Chazel
68%
Le maître d'école 1981 Josiane Balasko
64%
Le Raid 2002 Josiane Balasko
55%
Nous irons tous au paradis 1977 Josiane Balasko
50%
Un éléphant ça trompe énormément 1976 Josiane Balasko
50%
Les Keufs 1987 Josiane Balasko
50%
Les frères Pétard 1986 Josiane Balasko
50%
L'ombre d'un doute 1993 Josiane Balasko
45%
Grosse fatigue 1994 Les deux
45%
Les soeurs soleil 1996 Marie-Anne Chazel
45%
Tranches de vie 1984 Les deux
41%
Ma famille l'adore déjà 2016 Marie-Anne Chazel
41%
Les héros n'ont pas froid aux oreilles 1979 Les deux
32%
La Gitane 1986 Marie-Anne Chazel
27%
L'Amour en douce 1984 Marie-Anne Chazel
27%
Cross 1987 Marie-Anne Chazel
27%
La tortue sur le dos 1978 Les deux
18%
Fais gaffe à la gaffe : 1981 Marie-Anne Chazel
18%
Ni une ni deux 2019 Marie-Anne Chazel
18%
Pauline et l'ordinateur 1978 Les deux
9%
Aucun quiz correspondant
Distribution des résultats
% des personnes avec chaque résultat
Percentile par nombre de réponses
Votre historique - résultats
Vous n’avez pas pris ce quiz